O zle, násilí, ich vzťahu a odlišnosti – traja autori, tri perspektívy

Prejavy násilia a nelegitímnej moci a ako im čeliť. Analýzy zo skúmania násilia, jeho foriem a vzťahov k moci a zlu, ktoré simulujú možnosti voľby, ale v skutočnosti vnucujú čo si myslieť a cítiť.

Enregistré dans:
Détails bibliographiques
Auteur principal: Sedová, Tatiana
Format: Chapitre de livre
Langue:slovaque
Sujets:
Tags: Ajouter un tag
Pas de tags, Soyez le premier à ajouter un tag!

MARC

LEADER 00000naa a2200000 4500
001 0196135
005 20231211125702.1
041 0 |a slo 
044 |a SK 
245 1 0 |a O zle, násilí, ich vzťahu a odlišnosti – traja autori, tri perspektívy  |c Tatiana Sedová 
520 |a Prejavy násilia a nelegitímnej moci a ako im čeliť. Analýzy zo skúmania násilia, jeho foriem a vzťahov k moci a zlu, ktoré simulujú možnosti voľby, ale v skutočnosti vnucujú čo si myslieť a cítiť. 
610 2 0 |a filozofia 
610 2 0 |a smery filozofické 
610 2 0 |a psychológia sociálna 
610 2 0 |a správanie 
610 2 0 |a kriminalita 
610 2 0 |a hedonizmus 
610 2 0 |a hodnota 
100 1 |a Sedová, Tatiana